[Event "RUS-ch sf 58th"]
[Site "Kazan"]
[Date "2005.09.11"]
[Round "9"]
[White "Smirnov, Pavel"]
[Black "Tomashevsky, Evgeny"]
[Result "0-1"]
[WhiteElo "2635"]
[BlackElo "2555"]
[Annotator "Erenburg,S"]
[PlyCount "86"]
[EventDate "2005.09.03"]
[EventType "swiss"]
[EventRounds "9"]
[EventCountry "RUS"]
[SourceTitle "CBM 109"]
[Source "ChessBase"]
[SourceDate "2005.11.14"]
[SourceVersion "1"]
[SourceVersionDate "2005.11.14"]
[SourceQuality "1"]

{[%mdl 4]} 1. e4 e5 2. Nf3 Nc6 3. Bb5 a6 4. Ba4 Nf6 5. O-O b5 6. Bb3 Bb7 7. d3
{transforming to C88. This continuation has its point, as white didn't lose
the time on h2-h3.} (7. c3 Nxe4 8. d4 {0-1 Hansen,S-Beliavsky,A/Germany 2004/
CBM 100/[Wedberg] (26)}) (7. Re1 Bc5 8. c3 {1/2-1/2 Leventic,I-Atalik,S/Neum
2004/CBM 102/[Atalik] (77)}) (7. Nc3 Be7 8. d3 O-O 9. Bd2 d6 10. a4 Na5 11. Ba2
b4 {1-0 Kuzmin,G-Malaniuk,V/Kharkov 2004/CBM 103/[Wedberg] (31)}) 7... Be7 8.
Re1 O-O 9. a3 {preparing the a2 square for the light-squared bishop. Other
possibilities are:} (9. Nc3 d6 10. a3 Nd4 11. Nxd4 exd4 12. Ne2 c5 13. Ng3 d5
14. e5 Ne8 15. c3 f5 16. cxd4 cxd4 17. Qf3 $16 {1/2-1/2 Emms,J-Hebden,M/
Plymouth 1992/CBM 030 ext/[Bulletin] (40)}) (9. h3 d6 10. a3 {leads to popular
theoretical position.}) (9. Nbd2 Re8 10. Nf1 Bf8 11. c3 Na5 12. Bc2 d5 13. Qe2
c5 14. Ng3 d4 $11 {1-0 Vasiukov,E-Rantanen,Y/Belgrade 1988/TD/[Vasiukov] (33)})
(9. a4 Re8 10. axb5 axb5 11. Rxa8 Qxa8 12. Nc3 b4 13. Nd5 Nxd5 14. Bxd5 d6 15.
Bd2 Na5 16. Bxb4 Bxd5 17. exd5 Qxd5 18. Qd2 Nc6 19. c4 Qe6 $11) 9... Re8 {
preparing the f8 square for the dark-squared bishop. Black tried also:} (9...
d6 10. Nc3 Qd7 11. Nd5 Bd8 12. c3 Kh8 13. d4 Na5 14. Nxf6 Bxf6 15. Bc2 Qe7 16.
b4 Nc4 17. Bd3 Nb6 18. Qc2 Rfc8 19. Bd2 Nd7 20. a4 $14 {1-0 Psakhis,
L-Katalymov,B/Krasnoyarsk 1980/EXT 2002 (79)}) (9... Bc5 10. Nc3 Ng4 11. Rf1 h6
12. Nd5 Re8 13. h3 Nf6 14. c3 d6 15. Nh2 Rb8 16. Nxf6+ Qxf6 17. Kh1 Qg6 18. f4
exf4 19. Rxf4 Nd8 20. Nf3 Ne6 21. Nh4 $14 {1/2-1/2 Loskutov,O-Yurtaev,L/Samara
2002/CBM 089 ext (40)}) 10. Nc3 {transfering the knight to d5. The alternative
is to bring the queenside knight to g3 via d2 and f1.} (10. Nbd2 Bf8 11. Nf1 h6
12. Ba2 d6 13. c3 Nb8 14. Nh4 d5 15. Qf3 c6 16. Nf5 Nbd7 17. g4 Nh7 18. Qg3 Nc5
19. h4 a5 20. Bd2 a4 21. Rad1 $13 {1-0 Topalov,V-Delchev,A/FIDE WCh KO,
Tripoli LBA (2.2) 2004 (31)}) 10... h6 11. Nd5 $146 {According to my database,
this position appeared for the first time. In the previous game white continued
} (11. Be3 Bf8 12. Ba2 d6 13. h3 Ne7 14. Nh4 g5 15. Qf3 Bg7 16. Nf5 Nxf5 17.
Qxf5 d5 18. exd5 Nxd5 19. Qf3 c6 20. Ne4 $14 {0-1 Kulaots,K-Hector,J/TCh-SWE
2003 (67)}) 11... Bf8 (11... Bc5 $5 12. c3 d6 13. Ba2 $14 {[%cal Yb2b4]} (13.
d4 exd4 14. cxd4 Nxd4 15. Nxd4 Nxd5 $17)) 12. c3 {preparing the breakthrough
in the centre.} d6 13. h3 {White is preparing the h2 square for the kingside
knight, and he is covering the g4 square, thus, making possible the
development of dark-squared bishop to e3.} Rb8 {protecting the light-squared
bishop.} 14. Nxf6+ (14. Be3 $5 Nxd5 (14... Bc8 $5) 15. Bxd5 Ne7 16. Bxb7 Rxb7
17. d4 exd4 18. cxd4 $14) 14... Qxf6 15. Nh2 Bc8 {transfering the bishop to
g8-a2 diagonal, and, covering the g4 square.} 16. Re3 {bringing the rook to
the "g" file.} Be6 17. Ng4 Qh4 18. Bd5 {trying to force black to take on d5.} (
18. Rg3 Kh7) 18... Nd8 (18... Ne7 19. Bxe6 fxe6 20. b4 $14 {[%cal Yd1b3,Ya3a4]}
) (18... Bxd5 19. exd5 Nd8 (19... Ne7 20. Re4 $18 {[%cal Gg4h6]}) 20. Qf3 $36 {
[%cal Ge3e4]}) 19. Rg3 Kh8 20. Qf3 Bxd5 ({Worth consideration immediate} 20...
Qh5 $5 {[%cal Ge6d5,Yf7f5]} 21. Bxe6 (21. Be3 Bxd5 22. exd5 {-the game.}) 21...
Rxe6 22. d4 exd4 23. cxd4 d5 24. e5 Nc6 25. Be3 Ne7 {[%cal Ye7f5]} 26. Nh2 Qxf3
27. Rxf3 Kg8 28. Rc1 Rc6 $11) 21. exd5 Qh5 {protecting the f7 pawn.} 22. Be3 ({
Comes to consideration:} 22. Bd2 f6 23. b4 c6 24. dxc6 Rc8 25. a4 $16) 22... f6
$1 {preparing the f7 square for the queen or for a knight.} (22... f5 $4 23.
Nxe5 $18) 23. b4 {fixing black's "b" pawn, thus, preparing to open the "a"
file by a3-a4 advance.} (23. a4 {is met by} b4 {, closing the "a" file.}) 23...
c6 {opening the "c" file.} (23... Nf7 $4 {is refuted by} 24. Nxh6 $1 $18) 24.
dxc6 Rc8 25. a4 Nxc6 (25... Rxc6 26. axb5 axb5 27. Bd2 $16 {[%cal Ya1a8]}) 26.
axb5 axb5 27. Bd2 {strengthening the c3 pawn, as well as preparing the e3
square for the knight.} (27. Qd5 Ne7 $1 28. Qxb5 f5 29. Nh2 f4 30. Bxf4 Rb8 31.
Qa5 Nf5 $17) 27... Ne7 $1 {covering the d5 square, and, planning to transfer
the knight to f5.} 28. Ra5 Qf7 $1 $132 {preparing to push forward the "f" pawn.
In this way, black emphasizes the awkwardness in location of white's pieces on
the kingside.} (28... Nf5 $2 29. Nxf6 $1 $18) 29. h4 {liberating the h3 square
for the rook.} (29. Rxb5 f5 30. Ne3 f4 31. Rg4 Qf6 32. Nc4 h5 33. Rh4 Qxh4 (
33... g6 34. Bxf4 $14) 34. Nxd6 Ng6 $13 (34... Rb8 35. Rxe5 $18)) (29. Ne3 f5
30. Rxb5 f4 31. Rg4 {-29.Rxb5.}) 29... f5 30. Nh2 f4 31. Rh3 {Fritz still
evaluates white's position as good, but with such rook on h3 it should be
worse.} Nf5 {Black doesn't care about the "b" pawn. He activates his pieces in
order to use white's terrible-located h3 rook.} ({Deserves attention:} 31...
Rb8 $5) 32. Rxb5 ({Comes to consideration:} 32. h5 $5) 32... Ra8 33. g4 ({
In case of} 33. Ra5 Rxa5 34. bxa5 Rb8 $44 {black gets a serious compensation.})
33... fxg3 34. fxg3 Qd7 $1 35. Rb7 $2 {After this move white's position
becomes unpleasant... More to the point seems:} (35. Qb7 Ra1+ 36. Kf2 (36. Kg2
Qe6 37. Nf1 (37. Qd5 Ra2 38. Nf1 Ne3+ 39. Nxe3 Rxd2+ $19) 37... Ra2 $36) 36...
Qd8 (36... Qe6 37. Qd5 Qf6 (37... Ra2 38. Qxe6) 38. Bg5 $1 Qg6 39. Ra5 $13) 37.
Nf3 $13) 35... Qc8 36. Rf7 Nd4 $1 37. Qg4 Ra1+ ({Worse is} 37... Ne2+ 38. Kf2
Nxc3 $11) {blundering the piece.} 38. Rf1 $2 ({More resistant was} 38. Kf2 Qa6
$3 {[%cal Ga6a2,Ya6d3]} 39. Qg6 (39. cxd4 Qa2 $17 {[%cal Ga2f7,Ya2d2]}) 39...
Ra2 40. Nf1 Nb3 (40... Qc8 $1 41. cxd4 Qxh3 42. dxe5 dxe5 43. Rxg7 Bxg7 44.
Qxe8+ Kh7 $15) 41. Qf5 (41. Rxg7 Bxg7 42. Qxe8+ Kh7 $19) 41... Kg8 42. Ke3 (42.
Qd7 Qa8 $19) (42. Ke2 Nxd2 43. Nxd2 Rxd2+ 44. Kxd2 Qa2+ $19) 42... Nxd2 43.
Nxd2 Rxd2 44. Rxf8+ Rxf8 45. Qe6+ Kh8 46. Kxd2 Qa1 $19 {[%cal Gf8f2]}) 38...
Qxg4 39. Nxg4 Nf3+ $19 {winning the bishop.} 40. Kf2 Rxf1+ 41. Kxf1 Nxd2+ 42.
Ke2 Nb1 43. c4 d5 0-1

[Event "EU-ch 6th"]
[Site "Warsaw"]
[Date "2005.06.19"]
[Round "2"]
[White "Gdanski, Jacek"]
[Black "Naiditsch, Arkadij"]
[Result "0-1"]
[WhiteElo "2544"]
[BlackElo "2626"]
[Annotator "Erenburg,S"]
[PlyCount "98"]
[EventDate "2005.06.18"]
[EventType "swiss"]
[EventRounds "13"]
[EventCountry "POL"]
[SourceTitle "CBM 108"]
[Source "ChessBase"]
[SourceDate "2005.09.26"]
[SourceVersion "1"]
[SourceVersionDate "2005.09.26"]
[SourceQuality "1"]

{[%mdl 4]} 1. e4 e5 2. Nf3 Nc6 3. Bb5 a6 4. Ba4 Nf6 5. O-O Be7 6. Re1 b5 7. Bb3
O-O 8. h3 Bb7 9. d3 d6 10. a3 Na5 11. Ba2 c5 12. Nbd2 Nc6 13. Nf1 Bc8 14. a4
$146 {trying to determine Black's pawn structure on the queenside. In the
previous games White has tried the following moves:} (14. Bg5 $146 {1-0 Anand,
V-Kasimdzhanov,R/Leon 2005/CBM 108_01/[Erenburg] (39)}) (14. Ne3 Be6 15. Bd5
Rc8 16. c3 Bxd5 17. exd5 Nb8 18. a4 Qd7 19. axb5 axb5 20. c4 $14 {1-0 Sutovsky,
E-Beliavsky,A/15th European Team Championship 2005 - 2005 (50)}) ({Black
equalized easily after} 14. c3 Be6 15. Bxe6 fxe6 16. Ng3 Nd7 17. Be3 d5 18.
exd5 exd5 19. a4 Rb8 20. axb5 axb5 21. b3 Ra8 {1/2-1/2 Kasparov,G-Topalov,V/
Linares ESP 2005/The Week in Chess 539 (21)}) 14... Be6 15. Bxe6 {Usually in
such type of positions White doesn't take on e6, because it helps Black to
cover the f5 square, as well as this move opens the "f" file for Black's heavy
pieces.} ({More common reaction in this variation is} 15. Ng3 {trying to
occupy the f5 square.}) 15... fxe6 16. c3 {[%cal Yd1b3,Yd3d4] opening the
d1-a4 diagonal for the queen, as well as preparing the breakthrough in the
centre.} Qd7 17. Ng3 $6 {White's knight has nothing to do on g3...} (17. d4
exd4 18. cxd4 c4 $1 $15 (18... cxd4 19. Nxd4 b4 $11)) ({Probably, better was} 
17. Bg5 $5 $11 {[%cal Yf1e3]}) 17... h6 $1 {In my opinion a very strong move.
Black limits the possibilities of White's dark-squared bishop.} 18. Bd2 (18. d4
exd4 19. cxd4 c4 $15) 18... Rfb8 19. Nh2 {hoping to develop an initiative on
the kingside by Nh2-g4 with following Ng3-h5.} bxa4 $1 {opening the "b" file.}
20. Bc1 Na5 $1 {transfering the knight to b3.} 21. Rxa4 ({In my opinion, more
logical was to exchange the queens by} 21. Qxa4 {, as White suffers from the
lack of space.}) 21... Nb3 22. Ra2 Kh8 {Good prophylactic move. Black moves
away his King from the a2-g8 diagonal.} 23. Nh5 a5 24. Nxf6 Bxf6 25. Ng4 Qe7
26. Be3 {allowing Black to play a5-a4.} (26. Nxf6 Qxf6 27. Be3 a4 $15) ({
May be White should have prevented Black's a5-a4 advance:} 26. Ra4 $5 Bg5 27.
Bxg5 Qxg5 28. Ne3 $11) 26... a4 27. f4 $6 {White should not be interested to
open up the game, as his queenside rook is out of the game.} (27. Nxf6 {
is better:} Qxf6 28. Rf1 $11) 27... exf4 28. Bxf4 Bg5 $1 {opening the "f" file
for the heavy pieces.} 29. Bxg5 (29. Rf1 Rf8 30. Bxg5 Rxf1+ 31. Qxf1 Qxg5 $15)
29... Qxg5 $15 {Black's position is slightly better, thanks to the more active
rooks.} 30. Ne3 Qh4 31. Rf1 Rf8 32. Ra3 (32. Nc4 Qg3 $15) 32... Qg5 33. Rxf8+
Rxf8 34. Qe2 d5 $6 ({Stronger was} 34... Nc1 $1 35. Qd2 Rf3 36. Qxc1 Rxe3 {
[%cal Gg5g3]} 37. Rxa4 Qg3 38. Ra1 Re2 $17) 35. Rxa4 (35. h4 Qxh4 36. exd5 Nc1
37. Qd2 Nxd3 38. Qxd3 Qf2+ 39. Kh2 Rf4 $19) 35... d4 36. Ng4 $2 {losing some
material...} ({Better was} 36. Nc2 $1 Qc1+ 37. Ne1 dxc3 38. bxc3 Qxc3 39. Rc4
Qd2 $15) (36. Nd1 {leads to unpleasant position as well:} Nc1 37. Qc2 Qf4 38.
Qf2 Nxd3 39. Qxf4 Rxf4 $17 {/-+}) 36... h5 $1 37. Nh2 (37. Nf2 {loses as well:}
Qe3 38. Qxh5+ Kg8 $19) 37... Qc1+ 38. Nf1 Nd2 $1 $19 39. Ra8 {The only way to
save the knight.} Rxa8 40. Qxd2 Ra1 41. Qxc1 (41. Qf2 Qe3 $19) 41... Rxc1 {
White is absolutely hopeless in this endgame.} 42. cxd4 cxd4 43. Kf2 e5 44. b4
Rc2+ 45. Kf3 Rb2 46. h4 g6 47. g4 hxg4+ 48. Kxg4 Kg7 49. Kf3 Kh6 0-1

[Event "Olympiad-40"]
[Site "Istanbul"]
[Date "2012.09.04"]
[Round "7.1"]
[White "Caruana, Fabiano"]
[Black "Georgiev, Vladimir"]
[Result "1-0"]
[WhiteElo "2773"]
[BlackElo "2566"]
[Annotator "Erenburg,S"]
[PlyCount "53"]
[EventDate "2012.08.28"]
[EventType "team-swiss"]
[EventRounds "11"]
[EventCountry "TUR"]
[SourceTitle "CBM 151"]
[Source "ChessBase"]
[SourceDate "2012.11.13"]
[SourceVersion "1"]
[SourceVersionDate "2012.11.13"]
[SourceQuality "1"]
[WhiteTeam "Italy"]
[BlackTeam "Macedonia"]
[WhiteTeamCountry "ITA"]
[BlackTeamCountry "MKD"]

1. e4 e5 2. Nf3 Nc6 3. Bb5 a6 4. Ba4 Nf6 5. O-O b5 6. Bb3 Bb7 7. d3 {The main
idea of this move, as compared to the plan with 7.Re1 with following d2-d4, is
that White is limiting Black's light squared bishop.} Be7 ({The less common
continuation nowadays is} 7... Bc5 {. In this case, White has the resource of
Bg5, which creates an unpleasant pin for Black. One of the model games in this
line is Carlsen's victory against Beliavsky from 2006:} 8. Nc3 d6 9. a4 Na5 10.
Ba2 b4 11. Ne2 Bc8 12. c3 bxc3 13. bxc3 Bb6 14. Ng3 Be6 (14... h6 $142 $14) 15.
d4 Bxa2 16. Rxa2 O-O 17. Bg5 exd4 (17... h6 18. Bh4 g5 19. Nxg5 $18) 18. Nh5
dxc3 19. Nh4 Kh8 20. Nf5 {1-0 Carlsen,M (2625)-Beliavsky,A (2626)/Wijk aan Zee
2006/CBM 111}) 8. a4 {Creating some tension on the queenside and preparing the
shelter for the light-squared bishop.} O-O 9. Re1 {[%csl Re5][%cal Yb1d2,Yd2f1,
Gf1e3,Gf1g3,Re1e5,Rf3e5] Preventing the d7-d5 breakthrough in the centre and
preparing the f1-square for the queenside knight.} d6 10. Nbd2 Na5 11. Ba2 c5
12. Nf1 {White brings the knight to e3 without wasting time on c2-c3.} ({
Earlier this year, Caruana played} 12. c3 {, but apparently was not very
satisfied with what he got:} Qc7 13. Nf1 c4 14. Ng3 Rfe8 15. Nf5 Bf8 16. Bg5
Nd7 17. Nd2 Nc5 18. dxc4 Nxc4 19. Bxc4 bxc4 20. Re3 Re6 21. Qe2 d5 22. exd5
Bxd5 23. Rg3 Rg6 24. h4 Ne6 25. Re1 Nxg5 (25... f6 $142 $1) 26. hxg5 $11 {
0-1 Caruana,F (2770)-Tomashevsky,E (2738)/Moscow 2012/CB23_2012 (32)}) 12... b4
{With the clear intention to shut in White's bishop by b4-b3. The other way to
accomplish the same idea is by pushing the c-pawn. Perhaps not right away
though...} ({GM Tomashevsky, who is one of the experts in this variation for
Black, has previously played} 12... Re8 13. Ne3 h6 14. Bd2 c4 {There we go!
But Grischuk brings his other knight to d2 to destroy Black's pawn
construction.} 15. Bc3 $1 {[%cal Yf3d2]} Bf8 16. h3 Qb6 17. Nd2 cxd3 18. cxd3
Nc6 (18... b4 19. Ndc4 Nxc4 20. Nxc4 $14) 19. Qb3 Re7 20. Rec1 $14 {1-0
Grischuk,A (2736)-Tomashevsky,E (2708)/Moscow 2009/CBM 134 (75)}) 13. Ne3 {
The point of White's opening strategy has become clear. White's light-squared
bishop has no challenge from its counterpart, which is blocked by White's
strong centre.} b3 $6 ({Perhaps it was a better idea to bring the bishop to e6
with} 13... Bc8 {\/} 14. Nd2 (14. Bd2 $5) 14... Rb8 15. Ndc4 Nc6 16. Bd2 Be6
17. a5 Rb5 18. Bb3 Nxa5 19. Nxa5 Rxa5 20. Bxe6 fxe6 21. Nc4 $11 Rxa1 22. Qxa1
Qc8 23. Qa2 Qc6 24. Na5 Qd7 25. Nc4 Qc6 26. Na5 Qd7 27. Nc4 {1/2-1/2 Milos,G 
(2633)-Adams,M (2755)/Istanbul 2000/EXT 2001}) 14. Bxb3 $1 {Here is the
problem with Black's 13th move! White does not keep his bishop, but rather,
makes sure that the b-file is closed and White gets the excellent c4-outpost
for his knight.} ({Black did fine after} 14. cxb3 Nc6 15. Bd2 a5 16. b4 axb4
17. Nf5 Bc8 18. N3h4 Be6 $11 {0-1 Horvath,A (2413)-Ivanovic,Z (2334)/ICCF
email 2005/Corr 2008 (57)}) 14... Nxb3 15. cxb3 Bc8 $146 {Obviously, Black's
bishop should be placed on e6.} ({In the preceding game, Black tried} 15... Re8
16. Nc4 Nd7 17. Bd2 a5 18. Bc3 Nb8 19. Nfd2 Bg5 20. Ne3 Nc6 21. Ndc4 Bc8 22.
Nd5 $14 {1/2-1/2 Sjol,H (2244)-Taksrud,V (2157)/ICCF email 2008/Corr 2011 (33)}
) 16. Nc4 Rb8 17. Bd2 Be6 18. h3 Qc8 $6 {The c8-square was meant to be for the
kingside rook.} ({It made more sense to play} 18... Qd7 19. Rc1 Rfc8 $14) 19.
Rc1 Qb7 20. b4 cxb4 $6 {By closing the b-file and allowing White's pieces to
occupy active positions, Black gives up on his last hopes for counterplay.} ({
He was better off keeping the b-file open:} 20... Nd7 21. Na5 Qa8 22. bxc5 Nxc5
23. Be3 Rfc8 $16) 21. Na5 Qd7 22. d4 $16 {Now all White's forces get the ideal
spots and Black can not maintain the material balance any more.} exd4 23. Nc6
Rbc8 24. Nfxd4 d5 $4 {A blunder, though not an obvious one.} ({The least of
the evils was} 24... Rfe8 25. Bxb4 Bf8 $16 {/+-}) 25. Bg5 $1 $18 {Now it's
over. Black is going to lose too much material.} h6 (25... dxe4 26. Nf5 $1 Bxf5
27. Qxd7 $18) (25... Bd8 26. e5 $18) 26. exd5 Nxd5 27. Bxe7 {A model game by
GM Caruana.} (27. Bxe7 Nxe7 28. Nxe6 $18) 1-0